| 000 | 00385nam a2200157Ia 4500 | ||
|---|---|---|---|
| 008 | 180730s9999||||xx |||||||||||||| ||und|| | ||
| 020 | _a9788131252307 | ||
| 082 |
_a343.071 _bWAD/T |
||
| 100 | _aVadhwa, D. P. | ||
| 245 | 4 | _aThe Law of Consumer Protection | |
| 250 | _a3rd | ||
| 260 |
_aGurgaon _bEastern Book Co. _c2017 |
||
| 300 | _a3125 | ||
| 700 | _a& Rajesh, N. L. | ||
| 942 | _cBK | ||
| 999 |
_c1393 _d1393 |
||